Tennis Allgemeinwissen - Statistiken

Allgemein
  • Dieses Quiz wurde 557 mal gespielt
  • Das Durchschnittsergebnis liegt bei 6 aus 7
Antwortstatistiken
Frage Antwort % Korrekt
Was ist Tennis? Ein Sport
99%
Wo findet Wimbledon statt? London
97%
Wer ist nicht Profi Tennisspieler/in? Bastian Kellermeyer
91%
Wer gewann am häufigsten die Rolland Garros (Herreneinzel)? Rafael Nadal
91%
Wer gewann 2021 in Tokio die Olympischen Spiele (Herreneinzel)? Alexander Zverev
79%
Wie schwer sind Tennisschläger ungefähr? ca.300g
73%
Bis wie viele Spiele kann ein Grand Slam im 5.Satz gehen? unendlich
34%
Keine übereinstimmenden Quizze gefunden
Verteilung der Resultate
Anzahl Personen mit jedem Resultat
Perzentil nach korrekt beantworteten Fragen
Ihre Resultats-Entwicklung
Sie haben dieses Quiz noch nicht gespielt